Vista normal
Vista MARC
Entrada Personal Name
Número de registros utilizados en: 1
001 - CONTROL NUMBER
- control field: 17980
003 - CONTROL NUMBER IDENTIFIER
- control field: DLC
005 - DATE AND TIME OF LATEST TRANSACTION
- control field: 20260327122020.0
008 - FIXED-LENGTH DATA ELEMENTS
- fixed length control field: 910830n| azannaabn |a aaa
010 ## - LIBRARY OF CONGRESS CONTROL NUMBER
- LC control number: n 91088158
035 ## - SYSTEM CONTROL NUMBER
- System control number: (OCoLC)oca03011712
040 ## - CATALOGING SOURCE
- Original cataloging agency: DLC
- Language of cataloging: spa
- Description conventions: rda
- Transcribing agency: Mx-PuUPA
- Modifying agency: DLC
- Modifying agency: OCoLC
- Modifying agency: FMFIU
- Modifying agency: Mx-PuUPA
046 ## - SPECIAL CODED DATES
- Birth date: 1946
100 1# - HEADING--PERSONAL NAME
- Personal name: Zanetti Lecuona, Oscar,
- Dates associated with a name: 1946-
370 ## - ASSOCIATED PLACE
- Place of birth: Havana (Cuba)
- Source of term: naf
373 ## - ASSOCIATED GROUP
- Associated group: Academia de Ciencias d Cuba
- Associated group: Universidad de la habana
374 ## - OCCUPATION
- Occupation: Historiandor
- Source of term: lcsh
374 ## - OCCUPATION
- Occupation: Autor
- Source of term: lcsh
374 ## - OCCUPATION
- Occupation: Doctor en ciencias históricas
- Source of term: lcsh
374 ## - OCCUPATION
- Occupation: Académico de número
- Source of term: lcsh
374 ## - OCCUPATION
- Occupation: Investigador
- Source of term: lcsh
375 ## - GENDER
- Gender: hombre
377 ## - ASSOCIATED LANGUAGE
- Language code: spa
400 1# - SEE FROM TRACING--PERSONAL NAME
- Personal name: Lecuona, Oscar Zanetti,
- Dates associated with a name: 1946-
400 1# - SEE FROM TRACING--PERSONAL NAME
- Personal name: Zanetti, Oscar,
- Dates associated with a name: 1946-
670 ## - SOURCE DATA FOUND
- Source citation: His Caminos para el azúcar, 1987:
- Information found: t.p. (Oscar Zanetti Lecuona) p. opp. t.p. (b. 1946)
670 ## - SOURCE DATA FOUND
- Source citation: Isla en la historia, c2005:
- Information found: t.p. (Oscar Zanetti)
670 ## - SOURCE DATA FOUND
- Source citation: Historia mínima de Cuba, 2013:
- Information found: title page (Oscar Zanetti Lecuona) cover (Oscar Zanetti) front flap (born La Habana, 1946; doctor en ciencias históricas)